000 00588cam a22001932 4500
001 0000003497
005 20151217161133.0
008 070508s xx 000 0 eng d
040 _aKABU
_cKABU
050 0 _aL971
_b.A353E27
245 1 0 _aEast African education directory /
_ced. Kimemia Mugo.
260 _aNairobi :
_bInterafrica Communication,
_c2005.
300 _a183 p.
650 0 _aEducation
_vDirectories
_zAfrica, East.
_@0000153460
700 1 _aMugo, Kimemia.
_@0000153461
908 _a070508
950 _@1
999 _c14947
_d14947